| Tag |
First Indicator |
Second Indicator |
Subfields |
| LEADER |
00000cgm a2200000Ia 4500 |
| 001 |
in00002000635 |
| 005 |
20151031134551.0 |
| 007 |
vd cvaizq |
| 008 |
030417p20031984nju058 vleng d |
| 028 |
4 |
0 |
|a FFH 10510
|b Films for the Humanities & Sciences
|
| 035 |
|
|
|a (OCoLC)ocm52084113
|
| 040 |
|
|
|a MUM
|c MUM
|d TXA
|d UtOrBLW
|
| 043 |
|
|
|a f-gh---
|
| 049 |
|
|
|a TXAM
|
| 090 |
|
|
|a ML3760
|b .D868 2004
|
| 245 |
0 |
4 |
|a The drums of Dagbon /
|c Third Eye Productions, Ltd. for Channel Four in association with RM Arts ; producer, Penny Corke ; directed by Dennis Marks.
|
| 264 |
|
1 |
|a Princeton, NJ :
|b Films for the Humanities & Sciences,
|c [2004]
|
| 300 |
|
|
|a 1 DVD-video (58 min.) :
|b sound, color ;
|c 4 3/4 in.
|
| 336 |
|
|
|a two-dimensional moving image
|b tdi
|2 rdacontent
|
| 337 |
|
|
|a video
|b v
|2 rdamedia
|
| 338 |
|
|
|a videodisc
|b vd
|2 rdacarrier
|
| 490 |
1 |
|
|a Repercussions
|
| 500 |
|
|
|a "Films for the Humanities & Sciences DVD collection."
|
| 518 |
|
|
|a Originally produced for television in 1984.
|
| 508 |
|
|
|a Writers, Alhaji Ibrahim Abdulai, John Miller Chernoff ; photographer, Mike Fox ; film editor, Don Fairservice ; narrator, Louis Mahoney.
|
| 520 |
|
|
|a Discusses the Dagbomba drummers in northern Ghana.
|
| 500 |
|
|
|a Videorecording.
|
| 650 |
|
0 |
|a Music
|z Ghana.
|
| 650 |
|
0 |
|a Dagbani (African people)
|v Music.
|
| 655 |
|
7 |
|a Documentary films.
|2 lcgft
|
| 650 |
|
0 |
|a Drummers (Musicians)
|z Ghana.
|
| 700 |
1 |
|
|a Corke, Penny.
|
| 700 |
1 |
|
|a Marks, Dennis,
|d 1932-2006.
|
| 700 |
1 |
|
|a Chernoff, John Miller.
|
| 700 |
1 |
|
|a Abdulai, Abhaji Ibrahim.
|
| 710 |
2 |
|
|a Third Eye Films (Firm)
|
| 710 |
2 |
|
|a RM Arts (Firm)
|
| 710 |
2 |
|
|a Channel Four (Great Britain)
|
| 710 |
2 |
|
|a Films for the Humanities & Sciences (Firm)
|
| 730 |
0 |
|
|a Repercussions (Television program)
|
| 830 |
|
0 |
|a Repercussions.
|
| 994 |
|
|
|a C0
|b TXA
|
| 948 |
|
|
|a cataloged
|b h
|c 2004/11/10
|d c
|e jho
|f 2:57:25 pm
|
| 999 |
|
|
|a MARS
|
| 999 |
f |
f |
|s 5177d7ac-8680-3fcd-b6fd-0952931982ab
|i f6e2aa6b-7f1a-3b40-be01-0fefd183aee6
|t 0
|
| 952 |
f |
f |
|p dvd
|a Texas A&M University
|b College Station
|c Sterling C. Evans Library
|d Evans: Media and Reserves (Annex 1st floor)
|t 0
|e ML3760 .D868 2004
|h Library of Congress classification
|i video -- videodisc
|m A14831342610
|
| 998 |
f |
f |
|a ML3760 .D868 2004
|t 0
|l Evans: Media and Reserves (Annex 1st floor)
|